Linear algebra and matrix analysis for statistics (Record no. 14648)

MARC details
000 -LEADER
fixed length control field 00472nam a2200169Ia 4500
008 - FIXED-LENGTH DATA ELEMENTS--GENERAL INFORMATION
fixed length control field 230917s9999||||xx |||||||||||||| ||und||
020 ## - ISBN
Price GBP49.99
040 ## - CATALOGING SOURCE
-- 224773
Original cataloging agency VIVEKANANDA LIBRARY
041 ## - Language
-- English
082 ## - DDC NUMBER
Classification number 512.5 B223L
100 ## - MAIN ENTRY--PERSONAL NAME
Personal name Banerjee, Sudipto
245 #0 - TITLE STATEMENT
Title Linear algebra and matrix analysis for statistics
260 ## - PUBLICATION, DISTRIBUTION, ETC. (IMPRINT)
Place of publication, distribution, etc Boca Raton
Name of publisher, distributor, etc CRC Press
Date of publication, distribution, etc 2014
300 ## - PHYSICAL DESCRIPTION
Pages xvii, 565 p.
500 ## - GENERAL NOTE
General note 1962 09/02/2015 APD1012981 16/02/2015 Main Budget
942 ## - ADDED ENTRY ELEMENTS (KOHA)
Koha item type Books
Holdings
Withdrawn status Lost status Damaged status Not for loan Location (home branch) Sublocation or collection (holding branch) Date acquired Koha issues (times borrowed) Koha full call number Accession No. Koha date last seen Koha item type
        VIVEKANANDA LIBRARY VIVEKANANDA LIBRARY 25/03/2015   512.5 B223L 338011 17/09/2023 Books
© Designed and Maintained by Vivekananda Library, MDU Rohtak